000 00292nam a22001337a 4500
008 170623b xxu||||| |||| 00| 0 eng d
020 _a019828795x
041 _aeng
080 _a32
100 _a21
101 _aSHP
245 _aTHE NEW EUROPEAN ECONOMY
_cTSOUKALIS, L
942 _2udc
_cBK
999 _c19072
_d19072